00305nam a2200109Ia 4500008004100000050001500041100001900056245004200075260004100117300002400158650001300182150202s9999 xx 000 0 und d aFIC bFIC  aLondon, Jack.  4aThe call of the wild /cJack London. aNew York :bScholastic Books,c1963. a172 pages :c18 cm. aFiction.